Statistiques concernant Tous les comtés de l'Alabama

Cliquez ici pour prendre le quiz!

Statistiques générales

  • Ce quiz a été pris 2 fois
  • Le résultat moyen est 6 sur 67

Statistiques - réponses

ALABAMA% Correct
Montgomery
100%
Bibb
50%
Dallas
50%
Henry
50%
Mobile
50%
Monroe
50%
Morgan
50%
Perry
50%
Randolph
50%
Shelby
50%
Autauga
0%
Baldwin
0%
Barbour
0%
Blount
0%
Bullock
0%
Butler
0%
Calhoun
0%
Chambers
0%
Cherokee
0%
Chilton
0%
Choctaw
0%
Clarke
0%
Clay
0%
Cleburne
0%
Coffee
0%
Colbert
0%
Conecuh
0%
Coosa
0%
Covington
0%
Crenshaw
0%
Cullman
0%
Dale
0%
DeKalb
0%
Elmore
0%
Escambia
0%
Etowah
0%
Fayette
0%
Franklin
0%
Geneva
0%
Greene
0%
Hale
0%
Houston
0%
Jackson
0%
Jefferson
0%
Lamar
0%
Lauderdale
0%
Lawrence
0%
Lee
0%
Limestone
0%
Lowndes
0%
Macon
0%
Madison
0%
Marengo
0%
Marion
0%
Marshall
0%
Pickens
0%
Pike
0%
Russell
0%
St. Clair
0%
Sumter
0%
Talladega
0%
Tallapoosa
0%
Tuscaloosa
0%
Walker
0%
Washington
0%
Wilcox
0%
Winston
0%

Distribution des résultats

Percentile par nombre de réponses

% des personnes avec chaque résultat

Votre développement - résultats

Vous n’avez pas pris ce quiz